000 00709nac a22001931u 4500
010 _a 96022445
020 _a0126853754 (acid-free paper)
082 0 0 _a006.6
_bT342
090 _c4201
_d4201
100 _aTesta, Bridget Mintz.
245 1 0 _aGraphical treasures on the Internet /
_cBridget Mintz Testa.
260 _aBoston :
_bAP Professional,
_cc1996.
300 _axv, 428 p. :
_bill. (some col.), maps ;
_c24 cm.
504 _aIncludes bibliographical references and index.
650 0 _aComputer graphics.
650 0 _aInternet.
942 _cBB
_k006.6T342
999 _c4201
_d4201